000 00276nam a22001217a 4500
020 _a0-7214-1644-6
082 _a823
_bHAR/M
100 _aHARKER, JILLIAN
245 _aTODDLERS MY BEST FRIENDS
260 _aLONDON
_bLADY BIRD
650 _aENGLISH SHORT STORY
_zUK
942 _cBK
999 _c2373
_d2373